000 00659cam a22002054a 4500
001 14101264
005 20250516153434.0
008 050908s2006 njua b 001 0 eng
020 _a0131886762
050 0 0 _aHF5549
_b.D43788 2006
082 0 0 _a658.3
_222
100 1 _aDessler, Gary,
_d1942-
245 1 2 _aA framework for human resource management /
_cGary Dessler.
250 _a4th ed.
260 _aUpper Saddle River, N.J. :
_bPearson/Prentice Hall,
_cc2006.
300 _axiv, 383 p. :
_bill. ;
_c24 cm.
650 0 _aPersonnel management.
856 4 1 _3Table of contents
_uhttp://www.loc.gov/catdir/toc/ecip0519/2005026096.html
942 _2lcc
_cBK
_n0
999 _c5820
_d5820